000 00378nam a22001577a 4500
005 20160905162606.0
008 160905b xxu||||| |||| 00| 0 eng d
020 _a978-81-272-6840-4
041 _aeng
100 _aRay,G.L
_93510
245 _aExtension Communication and Management
260 _bKalyani
_c2016
300 _a349
650 _aAgricultural
_93475
942 _cBK
999 _c5209
_d5207